|
|
|
|
| LEADER |
00000nam a2200000 a 4500 |
| 001 |
vtls009488974 |
| 003 |
SK-MaSNL |
| 005 |
20260301125925.0 |
| 008 |
240313s2008 xo o e p 000 0 hun |
| 015 |
|
|
|a SNBA2009/05-02458
|
| 020 |
|
|
|a 9788080980184
|q (brož.)
|
| 035 |
|
|
|a CD0B7192-DE0A-434B-AA86-E442C2C8C2EA
|
| 035 |
|
|
|a urn:nbn:sk:snk-amla2p
|
| 035 |
|
|
|a urn:nbn:sk:snk-am008qy0
|
| 040 |
|
|
|a SNK
|b slo
|c SNK
|e AACR2
|
| 041 |
0 |
|
|a hun
|
| 044 |
|
|
|a xo
|c SK
|
| 072 |
|
7 |
|a 821.511.1.09
|x Ugrofínske literatúry (o nich)
|2 konspekt
|
| 072 |
|
7 |
|a 37.016
|x Učebné osnovy. Vyučovacie predmety. Učebnice
|2 konspekt
|
| 080 |
|
|
|a 821.511.141
|2 2001
|
| 080 |
|
|
|a (075.3)
|2 2001
|
| 100 |
1 |
|
|a Grendel, Lajos,
|d 1948-2018
|4 aut
|9 185584
|
| 245 |
1 |
0 |
|a Irodalom VIII.
|n [8. rész]
|p A XX. század második fele. Magyar irodalom
|b tankönyv a középiskolák IV. osztálya számára
|c Grendel Lajos
|
| 246 |
1 |
1 |
|a Literatúra VIII.
|
| 246 |
3 |
0 |
|a A XX. század második fele. Magyar irodalom
|
| 250 |
|
|
|a 2. átd. kiad.
|
| 260 |
|
|
|a Bratislava
|b Terra
|c 2008
|
| 300 |
|
|
|a 140 s.
|b fotogr.
|c 24 cm
|
| 500 |
|
|
|a Tir. aj slov.
|
| 648 |
|
7 |
|a 20. stor., 2. pol.
|2 SNKPH
|9 323713
|
| 650 |
0 |
7 |
|a maďarská literatúra
|2 SNKPH
|9 1193
|
| 655 |
|
7 |
|a učebnice stredných škôl
|2 SNKPH
|9 69323
|
| 919 |
|
|
|a 978-80-8098-018-4
|
| 958 |
|
|
|a HU
|
| 958 |
|
|
|a NM
|
| 968 |
|
|
|d 821
|
| 999 |
|
|
|c 743921
|d 745851
|
| 952 |
|
|
|a SNK
|b SNK
|y PREZ
|7 0
|p 17A0618385
|o snkSC 127702/8
|i snk2009/6508
|8 0
|0 0
|1 0
|4 0
|d 2009-04-01
|f 1
|l 0
|r 2025-06-16 00:00:00
|w 2026-02-23
|
| 952 |
|
|
|a SNK
|b SNK
|y VYP
|7 0
|p 17A0618384
|o snkSC 127702/8 D1
|i snk2009/6509
|8 0
|0 0
|1 0
|4 0
|d 2009-04-01
|l 0
|r 2026-02-23 23:08:17
|w 2026-02-23
|